000 00418nam a2200169Ia 4500
008 221030s9999 xx 000 0 und d
020 _a93/5006/536/5
041 _aEnglish
082 _a105.23
100 _aS. L. Gupta
245 2 _aA Handbook of Electronics
_cby S. L. Gupta, V. Kumar
260 _bPragati Prakashan
_aMeerut
_c2012
300 _a1352
650 _aPhysics
700 _aV. Kumar
942 _cBK
999 _c10052
_d10052